00651nam a22001815i 450000100060000000300090000600500170001500700030003200800410003504000200007610000220009624500560011826001620017430000200033650000730035665000170042985200230044654490ES-MaACL20230906162949.0t|960725s1843 fr ||||1| fre d aCAM bspa cCAM1 aFourier, Charles.10aThéorie de l'unité universelle / cCh. Fourier. aParis : bpubliée par la Société pour la propagation et la réalisation de la théorie de Fourier, c1843 (eBesancon : fimprimerie de Saint-Agathe) a3 v. ; c22 cm. aSon los volúmenes 2, 3 y 4 de: Oeuvres complètes de Ch. Fourier. 4aFourierismo. aES-MaACLjD-1721-3